00261nam a22001097a 4500008004100000020001500041082001700056100000900073245005100082260000900133300000900142230627b xxu||||| |||| 00| 0 eng d a0230500587 a333.91bUNDP cUNDP aHuman Development Report 2006bBeyond Scarcity c2006 a422p